Ivanko a Marienka

Bibliographic Details
Main Author: Grimm, Jacob, 1785-1863 (Author)
Other Authors: Kmeť, Ján, 1927-2003 (Translator), Markovič, Ratomir (Illustrator)
Format: Book
Language:Slovak
German
PhysicalDescription:[15] nečíslovaných strán farebné ilustrácie 24 cm
Published: Petrovec Hlas ľudu [okolo 1951-1955]
Subjects:

MARC

LEADER 00000cam a2200000 a 4500
001 vtls011893858
003 SK-MaSNL
005 20260301225335.0
008 250312q1951 rb a j 000 0 slo
015 |a SNBA1957 
020 |q (brožované) 
035 |a urn:nbn:sk:snk-am00dey1 
035 |a urn:nbn:sk:snk-am3hzxk 
035 |a 56F653C3-7C22-4D91-A21F-20BC7778B74D 
040 |a SNK  |b slo  |c SNK  |e AACR2 
041 1 |a slo  |h ger 
044 |a rb  |c RS 
072 7 |a 821.112.2  |x Nemecká literatúra, nemecky písaná  |2 konspekt 
072 7 |a 821-93  |x Literatúra pre deti a mládež (beletria)  |2 konspekt 
080 |a 821.112.2-34  |2 2011 
080 |a 82-34:808.1  |2 2011 
100 1 |a Grimm, Jacob,  |d 1785-1863  |4 aut  |9 108277 
245 1 0 |a Ivanko a Marienka  |c Grim ; [preložil Ján Kmeť] 
260 |a Petrovec  |b Hlas ľudu  |c [okolo 1951-1955] 
300 |a [15] nečíslovaných strán  |b farebné ilustrácie  |c 24 cm 
366 |e 1500 kusov 
500 |a Pravdepodobný rok vydania: okolo 1951-1955 
500 |a Preložené z nemčiny 
655 7 |a nemecké rozprávky  |2 SNKPH  |9 70666 
655 7 |a autorské rozprávky  |2 SNKPH  |9 70727 
700 1 |a Kmeť, Ján,  |d 1927-2003  |4 trl  |9 117743 
700 1 |a Markovič, Ratomir  |4 ill  |9 618789 
852 |a Slovenská národná knižnica 
954 |a beletria cudzojazyčná (svetová)  |2 lita 
958 |a RK 
958 |a TL 
958 |a DB 
958 |a DE 
958 |a LX 
958 |a UP 
958 |a OND 
999 |c 950545  |d 952475 
952 |a SNK  |b SNK  |y PREZ  |7 0  |p 17A0806277  |o snkSC 10510  |i snkKSV 147/57  |8 2  |0 0  |1 0  |4 0  |d 2019-10-15  |f 1  |l 0  |r 2025-07-09 00:00:00  |w 2026-02-24